000 00812nai a2200205Ia 4500
003 IN-BaIIA
008 211028c9999 xx s 000 0 eng d
022 _a0018-9308 (Print)
022 _a2168-166X (Online)
040 _cIIA Library
245 0 _aIEEE Transactions on Broadcast and Television Receivers
_h[eJournal]
260 _aNew York, USA
_bThe Institute of Electrical and Electronics Engineers, Inc. (IEEE)
310 _aQuarterly
362 _aBTR-9(1); 1963 - BTR-20(4); 1974
521 _bSubscribed through National Knowledge Resource Consortium (NKRC)
650 _a Signal Processing and Analysis
_948813
650 _aCommunication, Networking and Broadcast Technologies
856 _uhttps://ieeexplore.ieee.org/servlet/opac?punumber=4079767
_yClick Here to Access eJournal
942 _cEJ
999 _c34624
_d34624